<?xml version="1.0" encoding="UTF-8"?><?xml-stylesheet type="text/xsl" href="static/style.xsl"?><OAI-PMH xmlns="http://www.openarchives.org/OAI/2.0/" xmlns:xsi="http://www.w3.org/2001/XMLSchema-instance" xsi:schemaLocation="http://www.openarchives.org/OAI/2.0/ http://www.openarchives.org/OAI/2.0/OAI-PMH.xsd"><responseDate>2026-06-05T21:43:40Z</responseDate><request verb="GetRecord" identifier="oai:riuma.uma.es:10630/22927" metadataPrefix="marc">https://riuma.uma.es/rest/oai/request</request><GetRecord><record><header><identifier>oai:riuma.uma.es:10630/22927</identifier><datestamp>2026-02-03T12:00:20Z</datestamp><setSpec>com_10630_2254</setSpec><setSpec>col_10630_37959</setSpec></header><metadata><record xmlns="http://www.loc.gov/MARC21/slim" xmlns:dcterms="http://purl.org/dc/terms/" xmlns:doc="http://www.lyncode.com/xoai" xmlns:xsi="http://www.w3.org/2001/XMLSchema-instance" xsi:schemaLocation="http://www.loc.gov/MARC21/slim http://www.loc.gov/standards/marcxml/schema/MARC21slim.xsd">
   <leader>00925njm 22002777a 4500</leader>
   <datafield ind2=" " ind1=" " tag="042">
      <subfield code="a">dc</subfield>
   </datafield>
   <datafield ind2=" " ind1=" " tag="720">
      <subfield code="a">González, Nuria</subfield>
      <subfield code="e">author</subfield>
   </datafield>
   <datafield ind2=" " ind1=" " tag="720">
      <subfield code="a">Ruiz-Vega, Fernando Jesús</subfield>
      <subfield code="e">author</subfield>
   </datafield>
   <datafield ind2=" " ind1=" " tag="720">
      <subfield code="a">Solera-Delgado, Marta</subfield>
      <subfield code="e">author</subfield>
   </datafield>
   <datafield ind2=" " ind1=" " tag="720">
      <subfield code="a">Luna-Ramírez, Salvador</subfield>
      <subfield code="e">author</subfield>
   </datafield>
   <datafield ind2=" " ind1=" " tag="720">
      <subfield code="a">Toril-Genovés, Matías</subfield>
      <subfield code="e">author</subfield>
   </datafield>
   <datafield ind2=" " ind1=" " tag="260">
      <subfield code="c">2021-09</subfield>
   </datafield>
   <datafield ind2=" " ind1=" " tag="520">
      <subfield code="a">Los vehículos aéreos no tripulados (UAV) han experimentado un creciente desarrollo como factores clave de nuevas aplicaciones en la actualidad, como los servicios vigilancia, control y rescate, la agricultura, la gestión de catástrofes o incluso en actividades de ocio. Este artículo aborda la conexión del dron por LTE para las aplicaciones de visión en primera persona (FPV), para las que se necesita una comunicación de baja latencia para lograr una calidad de servicio (QoS) adecuada. En primer lugar, se ha detallado el sistema del dron y la plataforma de control considerada para realizar las pruebas. Tras ello, se muestra un estudio comparativo de las métricas de rendimiento de la red de tamaño de los paquetes, el tiempo entre ellos y la tasa binaria para el sistema con una configuración de conexión LTE por medio de un servidor en la nube, con respecto a un enlace punto a punto. Además, se presenta gráficamente los resultados de latencia de la red en los diferentes enlaces de comunicación, obteniendo mejores prestaciones con enlaces punto a punto.</subfield>
   </datafield>
   <datafield ind1="8" ind2=" " tag="024">
      <subfield code="a">https://hdl.handle.net/10630/22927</subfield>
   </datafield>
   <datafield tag="653" ind2=" " ind1=" ">
      <subfield code="a">Aviones sin piloto</subfield>
   </datafield>
   <datafield tag="653" ind2=" " ind1=" ">
      <subfield code="a">Telemetría espacial</subfield>
   </datafield>
   <datafield ind2="0" ind1="0" tag="245">
      <subfield code="a">Medida y análisis del tráfico para el control inmersivo de Drones.</subfield>
   </datafield>
</record>
</metadata></record></GetRecord></OAI-PMH>